000 00985nam a2200229Ia 4500
003 GCL
008 140319s9999 xx 000 0 ara d
020 _a1559409960
040 _aGCL /
_cGCL
082 0 4 _a960
_bم أ
100 1 _aالمركز العالمى للاستشارات الاستراتيجية
245 1 0 _aافريقيا بين المشروع الليبى الاخضر ودوائر الغرب الحمراء /
_cالمركز العالمى للاستشارات الاستراتيجية
250 _aالثانية
260 _aالرياض :
_bمكتبة العبيكان ،
_c2004
300 _a96 ص ؛
_c16 سم
650 0 4 _aافريقيا - احوال وعادات اجتماعية
650 0 4 _aليبيا - الاحوال السياسية
650 0 4 _aافريقيا - الاحوال الاقتصادية
650 0 4 _aافريقيا - الاحوال السياسية
650 0 4 _aليبيا - الاحوال الاقتصادية
942 _2ddc
_cBK
999 _c7926
_d7926